|
|
|
|
| LEADER |
00888nam a22002297a 4500 |
| 001 |
29637 |
| 003 |
BD-DhAAL |
| 005 |
20150824155752.0 |
| 008 |
150824s1984 bg ||||| |||| 00| 0 eng d |
| 040 |
|
|
|a BD-DhAAL
|c BD-DhAAL
|
| 082 |
|
|
|2 22
|a 618.92
|
| 245 |
|
|
|a Report on oral therapy extension programme :
|b phase -I (July 1980-September 1983)
|
| 260 |
|
|
|a Dhaka :
|b BRAC (Bangladesh Rural Advancement Committee),
|c 1984
|
| 300 |
|
|
|a 14, 21 p. ;
|c 33 cm.
|
| 541 |
|
|
|e 29637
|
| 610 |
|
|
|a BRAC (Bangladesh Rural Advancment Committee)
|9 14036
|
| 650 |
|
|
|a Fluid therapy
|9 14037
|
| 710 |
|
|
|a BRAC (Bangladesh Rural Advancment Committee)
|9 14038
|
| 852 |
|
|
|a Ayesha Abed Library
|c General Stacks
|
| 942 |
|
|
|2 ddc
|c BK
|
| 999 |
|
|
|c 35316
|d 35316
|
| 952 |
|
|
|0 0
|1 0
|2 ddc
|4 0
|6 618_920000000000000_REP
|7 0
|9 55521
|a BRACUL
|b BRACUL
|c BRS
|d 2015-08-25
|l 1
|o 618.92 REP
|p 3010029637
|r 2025-12-30
|s 2025-03-23
|t 1
|w 2015-08-25
|y BK
|